000
00298nam a22001217a 4500
020
_a
NA
082
_2
22
_a
338.52
100
_a
Friedman David D,
245
_a
Price Theory /
260
_a
South western Publising,
_b
South western Publising,
_c
c1990
300
_a
627 p,;
_b
NA
_c
24cm.
942
_2
ddc
_c
GEN
999
_c
1723
_d
1723